00313nam a2200121Ia 4500008004100000041000800041082001200049100001800061245004500079260002600124300003000150365001100180240624s9999 xx 000 0 und d aeng a954 RAM aRAMESH JAIRAM aTO THE BRINK AND BACK INDIA S 1991 STORY c2015aNew DelhibRupa aix, : 216 : p. : cm. ; 23 cRSb30